Partido Políticos Históricos de España - Estadísticas

Estadísticas generales
  • Esta prueba ha sido intentada 34 veces
  • La puntuación promedio es 31 de 93
Estadísticas de respuestas
Líder Figura Destacada Posición Años activos Partido % Correcto
Ione Belarra Pablo Iglesias Extrema izquierda 2014-presente Podemos
100%
Alberto Núñez Feijóo José María Aznar Centro-derecha 1989-presente PP
100%
Pedro Sánchez Felipe González Centro-izquierda 1879-presente PSOE
100%
Santiago Abascal - Extrema derecha 2013-presente Vox
100%
Carlos Pérez-Nievas Albert Rivera Centro 2006-presente Ciudadanos
97%
- Jordi Pujol Centro-derecha 2001-2015 CiU
93%
- Yolanda Díaz Izquierda 2023-presente Sumar
93%
Antonio Maíllo Julio Anguita Izquierda 1992-presente Izquierda Unida
90%
- Alejandro Rojas-Marcos Centro-izquierda 1976-2015 Partido Andalucista
90%
Aitor Esteban Sabino Arana Centro 1895-presente EAJ-PNV
86%
Oriol Junqueras Gabriel Rufián Izquierda 1931-presente ERC
86%
Alvise Pérez - Extrema derecha 2025-presente SALF
83%
Carmen Moriyón Francisco Álvarez-Cascos Centro-derecha 2011-presente Foro Asturias
79%
Carles Puigdemont - Derecha 2020-presente Junts per Catalunya
79%
Norberto Pico José Antonio Primo de Rivera Tercera posición 1934-1937 / 1976-presente FE de las JONS
72%
Fernando Clavijo Manuel Hermoso Centro-derecha 1997-presente Coalición Canaria
66%
Javier Luna Silvia Barquero Centro-izquierda 2003-presente PACMA
66%
José Luis Centella Santiago Carrillo Izquierda 1921-presente PCE
66%
Jorge Pueyo José Antonio Labordeta Centro-izquierda 1986-presente Chunta Aragonesista
62%
Joan Baldoví Mónica Oltra Izquierda 2010-presente Compromís
59%
Ramon Casadevall i Sala Anna Gabriel Extrema izquierda 1991-presente CUP
59%
Tomás Guitarte - Transversalismo 2021-presente Teruel Existe / Aragón Existe
59%
Ana Pontón Xosé Manuel Beiras Izquierda 1996-presente BNG
55%
Arnaldo Otegi - Izquierda 2014-presente EH Bildu
55%
Cristina Ibarrola Miguel Sanz Centro-derecha 1979-presente UPN
55%
Sílvia Orriols - Extrema derecha 2020-presente Aliança Catalana
52%
- Adolfo Suárez Centro 1977-1983 UCD
52%
Paula Fernández Miguel Ángel Revilla Centro-izquierda 1978-presente PRC
48%
- Josep Antoni Duran i Lleida Derecha 1931-2017 UDC
48%
- Rosa Díez Centro 2007-2020 UPyD
48%
- Manuel Fraga Derecha 1978-1989 Alianza Popular
45%
Candela López Ada Colau Izquierda 2016-presente Catalunya en Comú
45%
- Íñigo Errejón Izquierda 2021-2023 Más País
45%
Roberto Vaquero - Sincretismo 2019-presente Frente Obrero
41%
Lluís Apesteguia Biel Barceló Centro-izquierda 2013-presente Més per Mallorca
41%
Juan Antonio Palomar José Ángel Ceña Transversalismo 2022-presente Soria ¡Ya!
41%
Luis Campos Román Rodríguez Centro-izquierda 2022-presente Nueva Canarias-Bloque Canarista
38%
- Jordi Pujol Centro-derecha 1974-2016 CDC
34%
Uxue Barkos - Centro-izquierda 2011-presente Geroa Bai
34%
- Manuel Andrino Lobo Extrema derecha 1999-2024 La Falange
34%
- Adolfo Suárez Centro 1982-2006 CDS
31%
Mario Barcenilla Sebastià Llorach Apartidismo 2010-presente Escaños en Blanco
31%
Lázaro Ibáñez Carlos Hugo de Borbón-Parma Izquierda 1971-presente Partido Carlista
31%
José Luis Roberto Rafael Ripoll Extrema derecha 2002-presente España 2000
28%
- Blas Piñar Extrema derecha 1986-1993 Frente Nacional
24%
- Vicente González Lizondo Centro-derecha 1982-2014 Unió Valenciana
24%
Alicia Gallego José María Rodríguez de Francisco Centro 1986-presente UPL
24%
- Jesús Gil Derecha 1991-2007 Grupo Independiente Liberal
21%
- Ramiro Ledesma Extrema derecha 1931-1934 JONS
21%
Julio Díaz Carmelo Suárez Extrema izquierda 1984-presente PCPE
21%
Daniel Martínez Juan Pina Libertarismo 2009-presente P-LIB
21%
Santiago Folgueras Augustin Ndour Centro-izquierda 2004-presente M+J
17%
- Artur Mas Centro-derecha 2016-2023 PDeCAT
17%
Enrique Lemus - Extrema derecha 2026-presente Núcleo Nacional
14%
José Luis Álvarez Cedena Arturo Viloria Izquierda 1984-presente Partido Humanista
14%
José Ramón Becerra Florent Marcellesi Izquierda 2011-presente Partido Verde
14%
Ástor García - Extrema izquierda 2019-presente PCTE
14%
Nuria Suárez Hernández Joanen Cunyat Izquierda 2014-presente Recortes Cero
14%
Miguel Ayuso Sixto Enrique de Borbón Extrema derecha 2001-presente Comunión Tradicionalista (2001)
10%
Pedro Chaparro - Extrema derecha 1995-presente Democracia Nacional
10%
- Francisco Franco Extrema derecha 1937-1977 Movimiento Nacional
10%
- Enrique Tierno Galván Izquierda 1968-1978 PSP
10%
Domingo Díaz Carrillo Nuria Martínez Ros Transversalismo 2018-presente Tercera Edad en Acción
10%
Ángel Montealegre - Centro 2012-presente UCIN
10%
Martín Sáenz de Ynestrillas - Extrema derecha 2018-presente ADÑ Identidad Española
7%
David García Pérez - Centro 2010-presente CCD
7%
- Sixto Enrique de Borbón Extrema derecha 1975-1986 Comunión Tradicionalista (1975)
7%
- Melquíades Álvarez Izquierda 1912-1924 Partido Reformista
7%
- Miquel Roca Centro-derecha 1983-1986 PRD
7%
- Josep Anglada Extrema derecha 2002-2019 PxC
7%
Rafael López-Diéguez - Extrema derecha 2003-presente Alternativa Española
3%
- Antoni Ramon Boixaderas Apartidismo 2002-2022 Ciudadanos en blanco
3%
Javier Garisoain Otero Juan Vázquez de Mella Extrema derecha 1986-presente Comunión Tradicionalista Carlista
3%
- Carmen de Mairena Satírico 2003-2015 CORI
3%
Luis Ocampo Doris Benegas Izquierda 2002-presente Izquierda Castellana
3%
- Onésimo Redondo Extrema derecha 1931-1931 JCAH
3%
- Bosco el Tosco Satírico 2000-2012 Partido del Karma Democrático
3%
- Hong Guang Yu Gao Transversalismo 2003-2008 Partido del Mutuo Apoyo Romántico
3%
Lope García Verdugo - Centro-izquierda 2018-presente Partido Democrata Social Jubilados Europeos
3%
Marcos Palomo Eladio García Castro Extrema izquierda 1979-1980 / 2009-presente PTE-ORT
3%
José María García Campos - Localismo 2011-presente Trabuco Solución Independiente
3%
Daniel Medina Rachele Arciulo Centro-izquierda 2018-presente Volt España
3%
- Francisco Elías de Tejada Extrema derecha 1977-1986 Comunión Católico Monárquica
0%
- Ángel Luis Javier de Miguel Satírico 2011-¿? Democracia directa del Amor, la Sonrisa y el Método Científico
0%
José Luis Corral - Extrema derecha 1981-presente Movimiento Católico Español
0%
- Juan Vázquez de Mella Extrema derecha 1919-1931 Partido Católico Tradicionalista
0%
- Juan Ramón Calero Rodríguez Derecha 1996-2008 Partido Demócrata Español
0%
Josep Maria Clotet - Derecha 2002-presente Partido Familia y Vida
0%
Lidia Falcón - Izquierda 1979-presente Partido Feminista de España
0%
- Raúl Castillo Satírico 2011-2015 Partido Irreverente Surrealista
0%
- José Garre García Satírico 2011-¿? Reforma del Estado de Nostradamus
0%
- Mauricio de Sivatte Extrema derecha 1977-1980 Regencia Nacional y Carlista de Estella
0%
- Juan Casañas Extrema derecha 1978-1986 Unión Carlista
0%
No se encontraron pruebas coincidentes
Distribución de puntuación
Porcentaje de gente con cada puntuación
Porcentaje por número respondido
Historial de tus puntuaciones
No has intentado esta prueba.